Introducción a las Ciencias: el Hombre, la Tierra y el Universo, 1

Na minha lista:
Detalhes bibliográficos
Principais autores: Roldán, Gabriel (Autor), Velásquez, Luis Fernando (Autor), Machado, Tito (Autor)
Formato: Livro
Idioma:espanhol
Publicado em: Bogotá Norma 1984
coleção:Conservemos el ambiente
Assuntos:
Tags: Adicionar Tag
Sem tags, seja o primeiro a adicionar uma tag!

MARC

LEADER 00000nam a2200000 a 4500
001 UCH4082
003 CL-VaPUC
008 090818e19840000CK |||||||||||||||||spa|d
082 0 4 |a 550  |b ROL  |2 21 
100 0 |a Roldán, Gabriel  |e author  |9 539544 
700 0 |a Velásquez, Luis Fernando  |e author  |9 539545 
700 0 |a Machado, Tito  |e author  |9 539546 
245 1 0 |a Introducción a las Ciencias: el Hombre, la Tierra y el Universo, 1 
300 |a 337 p 
942 |c BK 
945 |d 20090818 00:00:00  |a ccalabra 
260 |a Bogotá  |b Norma  |c 1984 
650 0 |a Geología   |9 260984 
650 0 |a Universo  |9 266563 
650 7 |a SISTEMA SOLAR  |2 CL-VaPUC  |9 268650 
650 0 |a Planeta tierra   |9 375858 
650 0 |a Océanos   |9 344473 
650 7 |a MARES  |2 CL-VaPUC  |9 358168 
650 0 |a Atmósfera  |9 261875 
650 0 |a Energía   |9 259431 
650 0 |a Galaxias  |9 322985 
583 |a last modification  |c 20090818 00:00:00  |k Rodrigo Vera 
490 0 |a Conservemos el ambiente 
999 |c 335431  |d 335429